000 00498nam a2200181Ia 4500
003 LDD
008 181101s9999 xx 000 0 und d
020 _a8189461958
_c500.00
040 _cLDD
100 _aRahmati, Zaheer
245 0 _aGhazal ki tanqeedi istelahat
_cZaheer Rahmati
260 _aDelhi
_bKitabi Duniya
_c2010
300 _a494p.
901 _a15920
_b17-03-2017
902 _a2840
_b17-03-2017
_cF
_dPIBD
_e8U
903 _a20
_bReqst by : Moh. Akbar
942 _2ddc
_cUR
999 _c145
_d145